00427 2200169 4500001002100000005001500021008004100036020001800077035001900095041000700114082000800121090001400129100002700143245003300170260003100203300002300234INLIS00000000003067920241224133026241224||||||||| | ||| |||| || |  a979-33-0482-0 0010-1224030679 aid0 a500 a500 MAR b0 aAbdullah Muzi Marpaung00aBAGAIMANA TERJADINYA PELANGI aSolobTiga Serangkaic2006 a24HLM,;22,6 X 20CM